000 00492cam a2200193ua 4500
001 3264
008 111013n ii |||gr||||Z||||||asm
040 _cMAIN
082 _a891.4513
100 1 _aDevi, Mahasweta,
_eAuthor.
245 1 1 _aAranyar adhikar
_cby Mahasweta Devi
250 _a1st.
260 _aKolkatta:
_bBhabani publishing concern ,989.
300 _a413p:
_c23cm.
653 _aAssamese novel
653 _aAranyar adhikar
700 _aSen, Monu,
_eTranslator.
942 _cBK
999 _c3109
_d3109